000
00235nam a2200109Ia 4500
008
190216s9999||||xx |||||||||||||| ||und||
100
_a
Null
245
0
_a
Sharahul Waraqat
260
_b
Al Hind Book Stals
650
_a
Arabic
942
_c
BK
999
_c
160
_d
160